Fighting-Type Pokemon Moves - Statistics

General Stats
  • This quiz has been taken 815 times
  • The average score is 25 of 42
Answer Stats
Category Description Moves % Correct
Physical Inflicts damage, user's Defense/ Sp Defense -1 Close Combat
85%
Physical Breaks small rocks, may lower Defense -1 Rock Smash
82%
Physical 2-turn attack. If user is damaged, it will fail Focus Punch
78%
Physical 1/4 of total HP damage to user if it misses Jump Kick
78%
Physical Priority +1 Mach Punch
77%
Physical Inflicts damage, removes target's barriers Brick Break
76%
Physical User's HP restored by 1/2 damage to target Drain Punch
76%
Status Attack +1, Defense +1 Bulk Up
73%
Status Defends from almost all attacks for 1 turn Detect
72%
Physical Power depends on target's weight Low Kick
72%
Physical Inflicts damage equal to the user's level Seismic Toss
72%
Physical Hits 2 times Double Kick
71%
Physical Target's stat changes do not affect its damage Sacred Sword
71%
Physical Hawlucha's signature move Flying Press
69%
Physical 1/2 of total HP damage to user if it misses Hi Jump Kick
69%
Physical x2 damage on a sleeping target Wake-Up Slap
67%
Special Never misses Aura Sphere
66%
Physical Confuses the target if it hits Dynamic Punch
66%
Physical High critical hit ratio; 50 power Karate Chop
66%
Special May lower Sp Defense -1 Focus Blast
65%
Physical Inflicts damage, user's Attack +1 Power-Up Punch
64%
Physical Inflicts damage, user's Attack/Defense -1 Superpower
61%
Physical Hitmontop's signature move Triple Kick
60%
Status x2 damage for physical moves inflicted on user Counter
55%
Physical Inflicts damage, Speed -1 Low Sweep
55%
Special Keldeo's signature move Secret Sword
52%
Physical Priority -1, then it never misses Vital Throw
52%
Physical May paralyze target Force Palm
51%
Physical Recoil damage Submission
51%
Physical High critical hit ratio; 100 power Cross Chop
50%
Special Priority +1 Vacuum Wave
50%
Physical Priority -6, ends wild encounters Circle Throw
49%
Status Defends team from priority moves Quick Guard
48%
Physical Hits 2-5 times Arm Thrust
47%
Physical Can hit flying opponents Sky Uppercut
47%
Special User faints, deals damage equal to its HP Final Gambit
46%
Physical Inflicts damage, user's Speed -1 Hammer Arm
44%
Status Greninja's signature move Mat Block
43%
Physical Priority -4 Revenge
43%
Physical Power depends on user's remaining HP Reversal
42%
Physical May cause flinch Rolling Kick
41%
Physical Always results in a critical hit Storm Throw
35%
No matching quizzes found
Score Distribution
Percent of People with Each Score
Percentile by Number Answered
Your Score History
You have not taken this quiz